header

Electric water (Record no. 223392)

MARC details
000 -LEADER
fixed length control field 01357nam a2200325Ia 4500
082 04 - DEWEY DECIMAL CLASSIFICATION NUMBER
Classification number 333.794
100 1# - MAIN ENTRY--AUTHOR NAME
Personal name Swan, Christopher C.
245 10 - TITLE STATEMENT
Title Electric water
260 ## - PUBLICATION, DISTRIBUTION, ETC. (IMPRINT)
Place of publication Gabriola Island, Canada :
Name of publisher New Society ;
Place of publication [Lancaster :
Name of publisher Gazelle Drake Academic, distributor],
Year of publication 2007.
300 ## - PHYSICAL DESCRIPTION
Number of Pages xvi, 223 p. :
Other physical details ill.
650 #0 - SUBJECT ADDED ENTRY--TOPICAL TERM
Topical Term Energy development.
Topical Term Renewable energy sources.
Topical Term Environmental engineering
Topical Term Sustainable engineering.
856 40 - ELECTRONIC LOCATION AND ACCESS
Uniform Resource Identifier http://site.ebrary.com/lib/rucke/Doc?id=10201487

No items available.

© 2026 Rongo University
Contact us: librarian | system librarian | Rongo university